| 000 | 00523nam a22001817a 4500 | ||
|---|---|---|---|
| 003 | NUST - PNEC | ||
| 005 | 20170116180823.0 | ||
| 008 | 150626b xxu||||| |||| 00| 0 eng d | ||
| 020 | _a- | ||
| 040 | _cLIBRARY | ||
| 082 | _a519.5 CHA | ||
| 100 |
_94235 _aChaudhry, Sher Muhammad |
||
| 245 |
_aIntroduction to statistical theory Part-1 _cProf. Sher Muhammad Chaudhry |
||
| 260 |
_aLahore: _bIlmi Kitab Khana, _cc2002. |
||
| 300 |
_a584 p. : _c22 cm. |
||
| 650 |
_94236 _aStatistic, Mathematics _xME, MIS |
||
| 942 |
_2ddc _cBK |
||
| 999 |
_c63810 _d63810 |
||